Statistics for Countries with Most Mobile Phones

Click here to take the quiz!

General Stats

  • This quiz has been taken 77 times
  • The average score is 9 of 12

Answer Stats

HintAnswer% Correct
1,321,930,000China
99%
327,577,529United States
99%
1,183,408,611India
93%
146,649,600Japan
93%
256,116,000Russia
87%
284,200,000Brazil
83%
236,800,000Indonesia
77%
107,000,000Germany
74%
150,169,643Pakistan
70%
131,376,000Bangladesh
59%
167,371,945Nigeria
55%
106,987,098Philippines
45%

Score Distribution

Percentile by Number Answered

Percent of People with Each Score

Your Score History

You have not taken this quiz